00483nam a2200133 a 450000100100000000500170001000800410002704000250006824500720009326000390016530000220020495201060022699900170033200003809520201002031155.0130313s1960 dr 000 0 spa d aDO-SdBNPbspacBNPHU00aTrujillo and the church :bstatements by prominent roman catholics. aCiudad Trujillo :bCaribe ,c1960. a27 p. : ;c23 cm. 00107-18PDaPDbPDcOId2013-03-13iLF1l0o p38095-10r2020-06-25w2020-06-25yLFPDZNo se presta c37585d37585